00000000nam##2200000za#4500
0019.624853
003CaOODSP
00520200327181655
007ta
008150406|1998||||xxc|||||     f|0| 0 fre|d
020 |a0-662-83158-6
040 |aCaOODSP|bfre
043 |an-cn---
0861 |aF21-6/1998-8-1F
1101 |aCanada.|bMinistère des finances.|bGroupe de travail sur l'avenir du secteur des services financiers canadien.
24510|aLes consommateurs et le secteur des services financiers : |bvolume 1: principes, pratique et politique: l'expérience canadienne / |cPréparé sous la direction de Robert R. Kerton.
260 |aOttawa - Ontario : |bFinances Canada. |c1998.
300 |a282p. : |bgraphiques, tableaux ; |c28 cm.
4901 |aDocument de recherche préparé pour le Groupe de travail sur l'avenir du secteur des services financiers canadien
500 |aN.B.: Le numéro de catalogue (BT22-61/3-1998F-8a) imprimé dans cette publication est incorrect.
504 |aBibliographie.
563 |aCouverture souple
590 |a98-45|b1998-11-06
69107|aConsommateur|2gcpds
7201 |aKerton, Robert R.
77508|tConsumers in the financial services sector : |w(CaOODSP)9.614535
7760#|tLes consommateurs et le secteur des services financiers. Volume 1, : |w(CaOODSP)9.602703
830#0|aDocument de recherche préparé pour le Groupe de travail sur l'avenir du secteur des services financiers canadien.|w(CaOODSP)9.513003